[Event "Relampago R-038 corr"]
[Site "CXV corr"]
[Date "2001.09.11"]
[Round "?"]
[White "Da Silva Filho, Alcindo Luz Bastos"]
[Black "Leal da Luz Neto, Fabio"]
[Result "1-0"]
[WhiteElo "1632"]
[BlackElo "1397"]
[PlyCount "49"]
[EventDate "2001.??.??"]
[EventType "tourn (corr)"]
[EventRounds "5"]
[EventCountry "BRA"]
[SourceTitle "Corr 2004"]
[Source "ChessBase"]
[SourceDate "2003.04.28"]
[SourceVersion "3"]
[SourceVersionDate "2003.04.28"]
[SourceQuality "1"]

1. e4 e5 2. f4 exf4 3. Nf3 Nf6 4. e5 Qe7 5. Qe2 Nh5 6. Nc3 Nc6 7. d4 Qb4 8. a3 Qe7 9. d5 Nb8 10. d6 cxd6 11. Nd5 Qe6 12. Nc7+ Kd8 13. Nxe6+ dxe6 14. Ng5 Ke8 15. Qxh5 g6 16. Qf3 dxe5 17. Bxf4 exf4 18. Qc3 f6 19. Qxc8+ Ke7 20. Qc7+ Nd7 21. Rd1 fxg5 22. Rxd7+ Ke8 23. Rd8+ Rxd8 24. Bb5+ Rd7 25. Qxd7# 1-0

[Event "Relampago R-024 corr"]
[Site "CXV corr"]
[Date "2001.06.26"]
[Round "?"]
[White "Marim, Milton"]
[Black "Leal da Luz Neto, Fabio"]
[Result "1-0"]
[WhiteElo "1611"]
[BlackElo "1650"]
[PlyCount "83"]
[EventDate "2001.??.??"]
[EventType "tourn (corr)"]
[EventRounds "6"]
[EventCountry "BRA"]
[SourceTitle "Corr 2004"]
[Source "ChessBase"]
[SourceDate "2003.04.28"]
[SourceVersion "3"]
[SourceVersionDate "2003.04.28"]
[SourceQuality "1"]

1. e4 e5 2. Nf3 Nc6 3. Bb5 a6 4. Bxc6 dxc6 5. 0-0 Bg4 6. h3 Bh5 7. d3 Qf6 8. Nbd2 Bc5 9. c3 Ne7 10. b4 Bd6 11. a3 0-0-0 12. Bb2 Ng6 13. g4 Bxg4 14. hxg4 Qf4 15. Nh2 h5 16. gxh5 Nh4 17. Qg4+ Qxg4+ 18. Nxg4 Rxh5 19. f3 Rdh8 20. Kf2 f5 21. Ne3 f4 22. Ng4 c5 23. Nb3 cxb4 24. cxb4 b6 25. d4 a5 26. dxe5 Be7 27. e6 axb4 28. axb4 Rd8 29. Ra8+ Kb7 30. Rxd8 Bxd8 31. Bxg7 Ng6 32. e5 Rh7 33. Bf6 Bxf6 34. exf6 Rh5 35. Re1 Rh8 36. e7 Re8 37. f7 Rxe7 38. Rxe7 Nxe7 39. f8Q Ng6 40. Qf6 c5 41. Qxg6 cxb4 42. Qe4+ 1-0

[Event "Relampago R-024 corr"]
[Site "CXV corr"]
[Date "2001.03.12"]
[Round "?"]
[White "Leal, Vitor MN"]
[Black "Leal da Luz Neto, Fabio"]
[Result "1-0"]
[WhiteElo "1612"]
[BlackElo "1776"]
[PlyCount "23"]
[EventDate "2001.??.??"]
[EventType "tourn (corr)"]
[EventRounds "6"]
[EventCountry "BRA"]
[SourceTitle "Corr 2004"]
[Source "ChessBase"]
[SourceDate "2003.04.28"]
[SourceVersion "3"]
[SourceVersionDate "2003.04.28"]
[SourceQuality "1"]

1. e4 e5 2. Nf3 Nc6 3. Bb5 a6 4. Ba4 Nf6 5. 0-0 Nxe4 6. d4 Bd6 7. dxe5 Nxe5 8. Re1 Nc5 9. Nxe5 Nxa4 10. Nc6+ Qe7 11. Nxe7 Bxe7 12. Qe2 1-0

[Event "CXV R - 014 email"]
[Site "Brazil CXV"]
[Date "2000.11.13"]
[Round "?"]
[White "Faller, Anderson Carlos"]
[Black "Leal da Luz Neto, Fabio"]
[Result "1/2-1/2"]
[WhiteElo "1498"]
[BlackElo "1788"]
[PlyCount "41"]
[EventDate "2000.??.??"]
[EventType "tourn (corr)"]
[EventRounds "4"]
[EventCountry "BRA"]
[SourceTitle "Corr 2004"]
[Source "ChessBase"]
[SourceDate "2003.04.28"]
[SourceVersion "3"]
[SourceVersionDate "2003.04.28"]
[SourceQuality "1"]

1. e4 e5 2. Nf3 d6 3. d4 Nd7 4. Bc4 Nb6 5. Bb3 Nf6 6. dxe5 Nxe4 7. Qe2 Nc5 8. exd6+ Ne6 9. dxc7 Qxc7 10. Nd4 Bb4+ 11. Bd2 Qe7 12. Bxe6 Bxe6 13. Nxe6 Bxd2+ 14. Nxd2 Qxe6 15. Qxe6+ fxe6 16. 0-0-0 0-0 17. f3 Rae8 18. b3 Nd5 19. Kb2 Rd8 20. Nc4 Nf4 21. Rxd8 1/2-1/2